[Event "35th WCh U20 Girls"]
[Site "Tarvisio ITA"]
[Date "2017.11.16"]
[Round "4"]
[White "Samudin, Elina"]
[Black "Hincu, Olga"]
[Result "0-1"]
[WhiteElo "1806"]
[BlackElo "2118"]
[EventDate "2017.11.13"]
[PlyCount "82"]

1.d4 d5 2.c4 e6 3.Nc3 Nf6 4.cxd5 exd5 5.Bg5 Be7 6.e3 h6 7.Bh4 O-O 8.Bd3 c5
9.Nf3 c4 10.Bc2 Nc6 11.h3 Be6 12.O-O Nd7 13.Bxe7 Qxe7 14.e4 Nb4 15.exd5 
Nxd5 16.Re1 Qb4 17.Nxd5 Bxd5 18.Ne5 Nf6 19.Ng4 Nxg4 20.Qxg4 Qd6 21.Re5 
Rfd8 22.Rae1 Bc6 23.Re7 Qf6 24.Qf5 Qxf5 25.Bxf5 Rxd4 26.Rc7 Rf8 27.Ree7 
Rd1+ 28.Kh2 Rd2 29.Be6 Rxf2 30.Rxc6 bxc6 31.Bxc4 a5 32.Ra7 Rxb2 33.Rxa5 
Rd8 34.Rf5 Rdd2 35.Rxf7 Rxg2+ 36.Kh1 Rgd2 37.Rf3+ Kh7 38.Bd3+ Rxd3 39.Rxd3
Rxa2 40.Rc3 Ra6 41.Kg2 Kg6 0-1

[Event "35th WCh U20 Girls"]
[Site "Tarvisio ITA"]
[Date "2017.11.16"]
[Round "4"]
[White "Nguyen, Emily"]
[Black "Stashis, Anna"]
[Result "1-0"]
[WhiteElo "2176"]
[BlackElo "1907"]
[EventDate "2017.11.13"]
[PlyCount "61"]

1.d4 Nf6 2.Bg5 d5 3.Bxf6 exf6 4.e3 Bd6 5.c4 dxc4 6.Bxc4 O-O 7.Nf3 Bg4 8.
O-O c6 9.Nbd2 f5 10.Qc2 Bxf3 11.Nxf3 g6 12.Rab1 a5 13.a3 a4 14.Rfd1 Nd7 
15.Ne1 Nf6 16.Rbc1 Qb8 17.h3 Rc8 18.Nd3 Ne4 19.Nc5 Bxc5 20.dxc5 Qc7 21.Bd3
Re8 22.Qc4 Qe5 23.Bxe4 fxe4 24.Rd7 Re7 25.Rcd1 Ra5 26.Rxe7 Qxe7 27.Rd6 b6 
28.Qd4 Ra8 29.cxb6 Rb8 30.Rxc6 Rd8 31.Qxd8+ 1-0

[Event "35th WCh U20 Girls"]
[Site "Tarvisio ITA"]
[Date "2017.11.16"]
[Round "4"]
[White "Vangsgard, Freja"]
[Black "Koo Wei Xin, Rosamund"]
[Result "0-1"]
[WhiteElo "2035"]
[BlackElo "1900"]
[EventDate "2017.11.13"]
[PlyCount "120"]

1.d4 Nf6 2.c4 e6 3.Nc3 Bb4 4.e3 c5 5.Ne2 d5 6.a3 Bxc3+ 7.Nxc3 cxd4 8.exd4 
dxc4 9.Bxc4 Nc6 10.Be3 O-O 11.O-O b6 12.Ne2 Nd5 13.Qd2 Na5 14.Ba2 Ba6 15.
Rfe1 Qd7 16.b4 Nb7 17.Rac1 Nd6 18.Nf4 Ne4 19.Qb2 Nef6 20.Bd2 Rac8 21.h3 h6
22.Bb3 Rfd8 23.Rxc8 Rxc8 24.a4 Bc4 25.Bxc4 Rxc4 26.Rc1 Rxc1+ 27.Bxc1 Nxf4 
28.Bxf4 Qxa4 29.Be5 Nd5 30.Bd6 Qd1+ 31.Kh2 Qd3 32.Bb8 a6 33.Be5 Qc3 34.Qe2
Qxb4 35.Qg4 Qf8 36.Qe2 b5 37.Qa2 Qc8 38.f4 f6 39.Bd6 Qc6 40.Bc5 Nxf4 41.
Qf2 Qe4 42.Qd2 g5 43.Bd6 Kf7 44.Qf2 Kg6 45.Qd2 Ne2 46.Qa5 Qe3 47.Qe1 Qxd4 
48.Qxe2 Qxd6+ 49.Kg1 Qc5+ 50.Kh1 Qc1+ 51.Kh2 Qc4 52.Qe1 e5 53.Qb1+ e4 54.
Qd1 Qd3 55.Qc1 Qd6+ 56.Kg1 Qe6 57.Qc3 f5 58.Qe3 b4 59.Qc5 b3 60.Qc3 Qb6+ 
0-1

[Event "35th WCh U20 Girls"]
[Site "Tarvisio ITA"]
[Date "2017.11.16"]
[Round "4"]
[White "Bidhar, Rutumbara"]
[Black "Salonika, Saina"]
[Result "1-0"]
[WhiteElo "1904"]
[BlackElo "2025"]
[EventDate "2017.11.13"]
[PlyCount "67"]

1.d4 Nf6 2.c4 g6 3.Nc3 Bg7 4.e4 d6 5.Be2 O-O 6.Nf3 e5 7.d5 a5 8.Bg5 h6 9.
Be3 Ng4 10.Bd2 f5 11.h3 Nf6 12.exf5 gxf5 13.Qc1 f4 14.g3 e4 15.Nh4 e3 16.
fxe3 fxg3 17.Ng6 Re8 18.Rg1 Bf5 19.Nf4 Na6 20.Ne6 Rxe6 21.dxe6 Nb4 22.e4 
Bxe4 23.Nxe4 Nxe4 24.Bxb4 Qf6 25.Rf1 Qd4 26.Bc3 Nxc3 27.bxc3 Qxc3+ 28.Qxc3
Bxc3+ 29.Kd1 Bxa1 30.Bh5 Bd4 31.Rf3 Bf2 32.Ke2 Rf8 33.e7 Rxf3 34.Kxf3 1-0

[Event "35th WCh U20 Girls"]
[Site "Tarvisio ITA"]
[Date "2017.11.16"]
[Round "4"]
[White "Silva, Mariana Sofia"]
[Black "Srdanovic, Jovana"]
[Result "1-0"]
[WhiteElo "1883"]
[BlackElo "2015"]
[EventDate "2017.11.13"]
[PlyCount "50"]

1.e4 c5 2.Nf3 e6 3.c3 Nf6 4.e5 Nd5 5.d4 cxd4 6.cxd4 Nc6 7.Nc3 Nxc3 8.bxc3 
d5 9.Bd3 Be7 10.O-O a6 11.Ne1 h5 12.f4 g6 13.Nf3 Qc7 14.Ng5 Bd7 15.Qc2 Rg8
16.a4 Rc8 17.Qf2 Na5 18.Ba3 Bd8 19.Bb4 Bc6 20.Nh7 Rg7 21.Nf6+ Bxf6 22.exf6
Rg8 23.f5 gxf5 24.Bxf5 Bd7 25.Rae1 Qc6 1-0

[Event "35th WCh U20 Girls"]
[Site "Tarvisio ITA"]
[Date "2017.11.16"]
[Round "4"]
[White "Li Zhuoling"]
[Black "Vanduyfhuys, Daria"]
[Result "1-0"]
[WhiteElo "2006"]
[BlackElo "1755"]
[EventDate "2017.11.13"]
[PlyCount "79"]

1.e4 c5 2.Nf3 Nc6 3.Bb5 g6 4.O-O Bg7 5.Re1 e5 6.Bxc6 dxc6 7.d3 Bg4 8.h3 
Bxf3 9.Qxf3 Nf6 10.Be3 Qe7 11.a4 O-O 12.Nd2 Rfd8 13.a5 Nd7 14.Nc4 Bf6 15.
Rab1 Nf8 16.Bxc5 Qxc5 17.Qxf6 Nd7 18.Qf3 b5 19.b4 Qe7 20.Ne3 Nf8 21.Qg3 f6
22.f4 exf4 23.Qxf4 Rd4 24.Ng4 Nd7 25.Qc7 Qe6 26.Qg3 Ne5 27.Nxe5 fxe5 28.
Rf1 Qd6 29.Rf3 Rd8 30.Qg5 Kg7 31.Rbf1 Rd7 32.c3 Rxd3 33.Rxd3 Qxd3 34.Qxe5+
Kh6 35.Qf4+ g5 36.Qf8+ Kh5 37.Rf6 Qe3+ 38.Kh2 g4 39.Rf5+ Kg6 40.Qf6# 1-0

[Event "35th WCh U20 Girls"]
[Site "Tarvisio ITA"]
[Date "2017.11.16"]
[Round "4"]
[White "Koljevic, Nikolina"]
[Black "Auvray, Honorine"]
[Result "1/2-1/2"]
[WhiteElo "1837"]
[BlackElo "1987"]
[EventDate "2017.11.13"]
[PlyCount "61"]

1.e4 c5 2.Nf3 Nc6 3.Bb5 Nd4 4.Nxd4 cxd4 5.O-O e6 6.c3 Nf6 7.Re1 Bc5 8.cxd4
Bxd4 9.Qe2 a6 10.Bc4 b5 11.Bb3 Bb7 12.d3 O-O 13.Be3 Qb6 14.Nc3 d5 15.exd5 
exd5 16.Bxd4 Qxd4 17.Qe5 Qxd3 18.Rad1 Qg6 19.Nxd5 Bxd5 20.Bxd5 Rae8 21.Qd6
Nxd5 22.Qxd5 Qf6 23.Rxe8 Rxe8 24.Qd7 Qe5 25.h3 h6 26.b3 Qe6 27.Qxe6 Rxe6 
28.Kf1 Kf8 29.Rd4 Rc6 30.Ke2 Rc2+ 31.Rd2 1/2-1/2

[Event "35th WCh U20 Girls"]
[Site "Tarvisio ITA"]
[Date "2017.11.16"]
[Round "4"]
[White "Fernandez Rivero, Karla July"]
[Black "Jayaweera, Sayuni Gihansa"]
[Result "1/2-1/2"]
[WhiteElo "1986"]
[BlackElo "1745"]
[EventDate "2017.11.13"]
[PlyCount "72"]

1.d4 Nf6 2.c4 g6 3.Nc3 d5 4.Bf4 Bg7 5.e3 O-O 6.Rc1 c6 7.h3 Qa5 8.Nf3 Bf5 
9.Be2 dxc4 10.Bxc4 Ne4 11.O-O Nd7 12.Qe2 Ndf6 13.Be5 Rac8 14.Rfd1 Nxc3 15.
Rxc3 b5 16.Bb3 Ne4 17.Rcc1 c5 18.Bxg7 Kxg7 19.dxc5 Nxc5 20.Nd4 Bd7 21.Bd5 
e6 22.Nb3 Nxb3 23.Bxb3 Bc6 24.Qg4 Qb6 25.Qg5 Qb8 26.Rc5 h6 27.Qh4 Qb7 28.
Qd4+ Kh7 29.Rdc1 Rcd8 30.Qf4 Bxg2 31.Rc7 Qf3 32.Qxf3 Bxf3 33.Rxa7 Bd5 34.
Bxd5 Rxd5 35.Rcc7 Kg8 36.b4 Rf5 1/2-1/2

[Event "35th WCh U20 Girls"]
[Site "Tarvisio ITA"]
[Date "2017.11.16"]
[Round "4"]
[White "Andolfatto, Maria"]
[Black "Figueroa Bernal, Julia Dennis"]
[Result "1/2-1/2"]
[WhiteElo "1970"]
[BlackElo "1690"]
[EventDate "2017.11.13"]
[PlyCount "84"]

1.Nf3 d5 2.c4 e6 3.g3 Nf6 4.Bg2 Bd6 5.O-O O-O 6.d4 c6 7.Nc3 Nbd7 8.Nd2 e5 
9.cxd5 exd4 10.dxc6 dxc3 11.Nc4 cxb2 12.Bxb2 Be7 13.cxb7 Bxb7 14.Bxb7 Rb8 
15.Bf3 Nb6 16.Ne5 Qxd1 17.Rfxd1 Na4 18.Bd4 Bc5 19.Nc6 Rb7 20.Bxc5 Nxc5 21.
Rac1 Ne6 22.h4 Rb2 23.a4 Rb7 24.Kg2 g6 25.e3 Kg7 26.a5 Rc8 27.Nd4 Rbc7 28.
Nxe6+ fxe6 29.Rxc7+ Rxc7 30.a6 Kf7 31.Rd8 Ke7 32.Ra8 Kd6 33.Bb7 Nd5 34.
Rxa7 Nb6 35.g4 Ke7 36.Kf3 Kd6 37.Ke4 Rc4+ 38.Kf3 Rc7 39.Kg3 Rf7 40.f4 h5 
41.e4 e5 42.f5 gxf5 1/2-1/2

[Event "35th WCh U20 Girls"]
[Site "Tarvisio ITA"]
[Date "2017.11.16"]
[Round "4"]
[White "Altantuya, Boldbaatar"]
[Black "Bilguun, Bayaraa"]
[Result "1-0"]
[WhiteElo "1948"]
[BlackElo "1147"]
[EventDate "2017.11.13"]
[PlyCount "55"]

1.d4 d5 2.c4 c6 3.Nc3 Nf6 4.e3 e6 5.Nf3 Bb4 6.Bd3 O-O 7.O-O Bxc3 8.bxc3 
Qc7 9.Qc2 Nbd7 10.Ba3 Re8 11.Ng5 g6 12.f4 c5 13.Rac1 Qa5 14.Bb2 b6 15.cxd5
cxd4 16.dxe6 fxe6 17.Bxg6 Re7 18.Be4 Nxe4 19.Qxe4 Rb8 20.exd4 Qxa2 21.Qc2 
Qc4 22.Rf3 Bb7 23.Rg3 Kh8 24.Rh3 Nf6 25.Ba3 Rg7 26.Bd6 Rbg8 27.Be5 Rg6 28.
Rxh7# 1-0

[Event "35th WCh U20 Girls"]
[Site "Tarvisio ITA"]
[Date "2017.11.16"]
[Round "4"]
[White "February, Jesse Nikki"]
[Black "Cramling-Bellon, Anna"]
[Result "0-1"]
[WhiteElo "1874"]
[BlackElo "1943"]
[EventDate "2017.11.13"]
[PlyCount "58"]

1.e4 c5 2.Nf3 Nc6 3.Bb5 g6 4.O-O Bg7 5.c3 Nf6 6.Re1 O-O 7.d4 d5 8.exd5 
Qxd5 9.c4 Qd6 10.d5 Nd4 11.Nxd4 cxd4 12.g3 a6 13.Ba4 b5 14.Bf4 Qb4 15.cxb5
Bg4 16.a3 Qxb2 17.Qb3 Qxa1 18.Bc1 axb5 19.Bxb5 Bf3 20.Bb2 Bxd5 21.Qb4 Qa2 
22.Nd2 Be6 23.Nc4 Bxc4 24.Bxc4 Rfb8 25.Bxa2 Rxb4 26.Bxf7+ Kxf7 27.axb4 Nd5
28.Re4 e5 29.f4 Ra2 0-1

[Event "35th WCh U20 Girls"]
[Site "Tarvisio ITA"]
[Date "2017.11.16"]
[Round "4"]
[White "Greibrokk, Ingrid"]
[Black "Louka, Magdalini"]
[Result "1/2-1/2"]
[WhiteElo "1868"]
[BlackElo "1955"]
[EventDate "2017.11.13"]
[PlyCount "105"]

1.c4 c5 2.g3 g6 3.Bg2 Bg7 4.Nf3 Nc6 5.O-O e6 6.e3 Nge7 7.Nc3 O-O 8.d4 cxd4
9.Nxd4 d5 10.cxd5 exd5 11.Nce2 Ne5 12.b3 Bg4 13.Ba3 Re8 14.h3 Be6 15.Qd2 
Qd7 16.Rac1 Bxh3 17.Bxh3 Qxh3 18.Nf4 Qd7 19.Bxe7 Rxe7 20.Rc5 Qg4 21.Qe2 
Qxe2 22.Ndxe2 Rd7 23.Rd1 Rad8 24.Rcxd5 Rxd5 25.Rxd5 Rxd5 26.Nxd5 f5 27.Nd4
Kf7 28.Kf1 Nd3 29.Nb5 a6 30.Nbc3 Bxc3 31.Nxc3 Ke6 32.Ke2 Nc5 33.f3 b5 34.
Kd2 g5 35.b4 Nd7 36.e4 Ne5 37.Ke2 Nc6 38.Nd5 Ke5 39.Ke3 fxe4 40.fxe4 h5 
41.Kd3 h4 42.gxh4 gxh4 43.Ke3 h3 44.Kf3 h2 45.Kg2 Kxe4 46.Nc7 Nxb4 47.a3 
Nc2 48.Nxa6 Nxa3 49.Kxh2 Kd4 50.Kg2 Kc4 51.Kf2 Nc2 52.Ke2 Nb4 53.Nc7 
1/2-1/2

[Event "35th WCh U20 Girls"]
[Site "Tarvisio ITA"]
[Date "2017.11.16"]
[Round "4"]
[White "Barbosa, Larissa Ichimura"]
[Black "Magpily, Francois Marie"]
[Result "1-0"]
[WhiteElo "1913"]
[BlackElo "1836"]
[EventDate "2017.11.13"]
[PlyCount "83"]

1.e4 c5 2.Nf3 Nc6 3.c3 d5 4.exd5 Qxd5 5.d4 Bg4 6.Be2 cxd4 7.cxd4 e6 8.h3 
Bf5 9.Nc3 Qd8 10.O-O Nf6 11.Qb3 Rb8 12.Rd1 Nd5 13.Nxd5 exd5 14.Bf4 Bd6 15.
Qxd5 Bxf4 16.Qxf5 Bh6 17.d5 Ne7 18.Bb5+ Kf8 19.Qh5 Bf4 20.Ne5 g6 21.Qe2 
Kg7 22.g3 Bh6 23.Ng4 Qd6 24.Nxh6 Kxh6 25.Qe3+ Kg7 26.Qxa7 Nf5 27.Qa3 Qb6 
28.Qc3+ f6 29.Bd7 Nd6 30.Re1 Rhf8 31.Re7+ Rf7 32.Rae1 Rf8 33.R1e6 Kg8 34.
Qa3 Rxe7 35.Rxe7 Nc4 36.Be6+ Kh8 37.Rxh7+ Kxh7 38.Qxf8 Qc7 39.Bg8+ Kh8 40.
Bf7+ Kh7 41.Qg8+ Kh6 42.Qxg6# 1-0

[Event "35th WCh U20 Girls"]
[Site "Tarvisio ITA"]
[Date "2017.11.16"]
[Round "4"]
[White "Cui, Cynthia"]
[Black "Petraki, Evaggelia"]
[Result "0-1"]
[WhiteElo "1553"]
[BlackElo "1854"]
[EventDate "2017.11.13"]
[PlyCount "100"]

1.c4 e5 2.g3 Nf6 3.Bg2 d5 4.cxd5 Nxd5 5.Nc3 Nb6 6.Nf3 Nc6 7.O-O Be7 8.d4 
exd4 9.Nb5 a6 10.Nbxd4 Nxd4 11.Qxd4 Qxd4 12.Nxd4 Bf6 13.Rd1 O-O 14.Rb1 Rd8
15.e3 c5 16.Bd2 cxd4 17.Ba5 Rd6 18.exd4 Nc4 19.Re1 Be6 20.Bxb7 Ra7 21.Bb4 
Rxb7 22.Bxd6 Nxd6 23.b3 Bxd4 24.Red1 Bc5 25.Rbc1 Bb4 26.Rc6 a5 27.Ra6 Kf8 
28.a3 Bxa3 29.Rxa5 Rxb3 30.h4 Ke7 31.Rg5 g6 32.Re5 Kf6 33.Ra5 Bg4 34.Ra1 
Bb4 35.Ra6 Ke6 36.Rb6 Bf3 37.Kh2 Rb2 38.Kg1 Kf5 39.Rf1 Ne4 40.Rb7 f6 41.
Rb8 Nxg3 42.Rb5+ Kg4 43.fxg3 Bc5+ 44.Rxc5 Rg2+ 45.Kh1 Rxg3+ 46.Rxf3 Rxf3 
47.Rc7 Rh3+ 48.Kg2 Rxh4 49.Rc6 f5 50.Rf6 f4 0-1

[Event "35th WCh U20 Girls"]
[Site "Tarvisio ITA"]
[Date "2017.11.16"]
[Round "4"]
[White "San Diego, Marie Antoinette"]
[Black "Zairbek Kyzy, Begimay"]
[Result "1-0"]
[WhiteElo "2116"]
[BlackElo "1599"]
[EventDate "2017.11.13"]
[PlyCount "51"]

1.d4 Nf6 2.Nf3 e6 3.Bf4 d5 4.e3 Bd6 5.Bg3 O-O 6.Bd3 a6 7.Nbd2 b5 8.c3 Bb7 
9.Ne5 Nbd7 10.O-O Re8 11.Qe2 Nf8 12.f4 Bxe5 13.fxe5 N6d7 14.Qh5 Ng6 15.Nf3
f5 16.exf6 Nxf6 17.Qg5 Nf8 18.Ne5 Rc8 19.Bh4 Ne4 20.Qh5 Qd6 21.Qf7+ Kh8 
22.Bxe4 dxe4 23.Bf6 gxf6 24.Qxf6+ Kg8 25.Nf7 Ng6 26.Nh6# 1-0

[Event "35th WCh U20 Girls"]
[Site "Tarvisio ITA"]
[Date "2017.11.16"]
[Round "4"]
[White "Sibajeva, Marija"]
[Black "Braganza, Nadia"]
[Result "1-0"]
[WhiteElo "2016"]
[BlackElo "1536"]
[EventDate "2017.11.13"]
[PlyCount "89"]

1.e4 c5 2.Nf3 Nc6 3.Nc3 g6 4.Bb5 Bg7 5.O-O d6 6.d4 cxd4 7.Nxd4 Bd7 8.Nxc6 
Bxc6 9.Qd3 Bxb5 10.Nxb5 a6 11.Nd4 Nf6 12.c3 O-O 13.h3 Nd7 14.Qg3 Nc5 15.
Re1 Qb6 16.Nc2 Be5 17.Qe3 Qc7 18.Nb4 e6 19.f4 Bg7 20.Qf3 a5 21.Nc2 Rad8 
22.Nd4 d5 23.e5 Ne4 24.Be3 Qd7 25.Nb3 Qb5 26.Qe2 Qxe2 27.Rxe2 a4 28.Nc5 
Nxc5 29.Bxc5 Rfe8 30.b3 Rc8 31.Bd4 Ra8 32.bxa4 Rxa4 33.Rb1 Rb8 34.Rb6 Bh6 
35.g3 Bf8 36.Reb2 Kg7 37.g4 g5 38.f5 exf5 39.gxf5 Kg8 40.Rxb7 Rxb7 41.Rxb7
Rxa2 42.Rb8 Ra5 43.e6 fxe6 44.fxe6 Ra6 45.e7 1-0

[Event "35th WCh U20 Girls"]
[Site "Tarvisio ITA"]
[Date "2017.11.16"]
[Round "4"]
[White "Ganzova, Veronika"]
[Black "Caxita, Esperanca"]
[Result "0-1"]
[WhiteElo "1633"]
[BlackElo "1865"]
[EventDate "2017.11.13"]
[PlyCount "44"]

1.e4 d5 2.exd5 Qxd5 3.Nc3 Qd6 4.d4 Nf6 5.Nf3 a6 6.h3 Nc6 7.Be3 Bf5 8.Bd3 
Bxd3 9.Qxd3 Qb4 10.O-O Rd8 11.a3 Qa5 12.g4 Nb8 13.Ne5 c6 14.Ne4 Nbd7 15.
Nxf6+ gxf6 16.Nxd7 Rxd7 17.Qe4 h5 18.Kh2 hxg4 19.Qxg4 e6 20.c3 Bd6+ 21.Bf4
Qh5 22.Kg3 Qh7 0-1

[Event "35th WCh U20 Girls"]
[Site "Tarvisio ITA"]
[Date "2017.11.17"]
[Round "5"]
[White "Nomin-Erdene, Davaademberel"]
[Black "Abdumalik, Zhansaya"]
[Result "0-1"]
[WhiteElo "2358"]
[BlackElo "2428"]
[EventDate "2017.11.13"]
[PlyCount "126"]

1.e4 e5 2.Nf3 Nc6 3.Bb5 a6 4.Ba4 Nf6 5.O-O Be7 6.Re1 b5 7.Bb3 O-O 8.c3 d5 
9.exd5 Nxd5 10.Nxe5 Nxe5 11.Rxe5 c6 12.d3 Bd6 13.Re1 Bf5 14.Qf3 Qd7 15.
Bxd5 cxd5 16.Bf4 Bxf4 17.Qxf4 Bxd3 18.Nd2 Rfe8 19.Re3 Rxe3 20.Qxe3 Bf5 21.
Re1 h6 22.Nb3 a5 23.a3 b4 24.axb4 axb4 25.cxb4 Qa4 26.Nd4 Bd7 27.Qd2 Rb8 
28.Nc2 Qb3 29.Qc3 Ba4 30.Rc1 Rb6 31.Qc8+ Kh7 32.Qf5+ Rg6 33.Ne3 d4 34.Nc4 
Qxb4 35.h4 Qb7 36.f3 Bd7 37.Qd3 Qd5 38.Nd2 Bf5 39.Ne4 Re6 40.Re1 Rb6 41.
Rd1 Rb4 42.Qd2 Qb3 43.Nc5 Qc4 44.Ne4 Bxe4 45.fxe4 Qc5 46.Qf2 Kg8 47.b3 Qc3
48.Qf3 Rxb3 49.Qxc3 dxc3 50.Rd8+ Kh7 51.Rc8 Kg6 52.Kh2 Kf6 53.Rc5 Ke6 54.
e5 Kf5 55.Rc7 Kxe5 56.Rxf7 c2 57.Rc7 Rb2 58.Kg3 Kd4 59.Rd7+ Kc3 60.Rc7+ 
Kb3 61.Kg4 Rb1 62.Rb7+ Kc3 63.Rc7+ Kd3 0-1

[Event "35th WCh U20 Girls"]
[Site "Tarvisio ITA"]
[Date "2017.11.17"]
[Round "5"]
[White "Assaubaeva, Bibisara"]
[Black "Osmak, Yulia"]
[Result "1/2-1/2"]
[WhiteElo "2395"]
[BlackElo "2345"]
[EventDate "2017.11.13"]
[PlyCount "60"]

1.d4 e6 2.c4 f5 3.Nf3 Nf6 4.Nc3 Bb4 5.Qc2 Ne4 6.Bd2 Nxd2 7.Nxd2 O-O 8.e3 
Nc6 9.Bd3 d6 10.O-O-O e5 11.dxe5 Bxc3 12.Qxc3 Nxe5 13.Nf3 Nxf3 14.gxf3 b6 
15.f4 Qf6 16.Qxf6 Rxf6 17.h4 Bb7 18.Rhg1 Bf3 19.Rde1 Re8 20.Kd2 Be4 21.Be2
g6 22.h5 Kg7 23.Rg3 Bb7 24.Reg1 Bc6 25.Bd3 Be4 26.Be2 Bc6 27.Bd3 Be4 28.
Be2 Bc6 29.Bd3 Be4 30.Be2 Bc6 1/2-1/2

[Event "35th WCh U20 Girls"]
[Site "Tarvisio ITA"]
[Date "2017.11.17"]
[Round "5"]
[White "Obolentseva, Alexandra"]
[Black "Khademalsharieh, Sarasadat"]
[Result "1-0"]
[WhiteElo "2320"]
[BlackElo "2419"]
[EventDate "2017.11.13"]
[PlyCount "81"]

1.c4 Nf6 2.g3 e6 3.Bg2 d5 4.Nf3 d4 5.e3 c5 6.O-O Nc6 7.exd4 cxd4 8.d3 Bd6 
9.a3 a5 10.Bg5 h6 11.Bxf6 Qxf6 12.Nbd2 Qd8 13.Qc2 O-O 14.c5 Bc7 15.b3 e5 
16.Rab1 Be6 17.b4 axb4 18.axb4 Ra3 19.b5 Ne7 20.b6 Bb8 21.Rfc1 Nd5 22.Nc4 
Rc3 23.Qd2 Qc8 24.Nfxe5 Qxc5 25.Nf3 Rc8 26.Ne1 Rxc1 27.Rxc1 Nxb6 28.Bxb7 
Nxc4 29.Bxc8 Qxc8 30.dxc4 Qc5 31.Nd3 Qf5 32.Ne1 Ba7 33.Ra1 Bb6 34.Ra6 Qb1 
35.Ra8+ Kh7 36.Rb8 Ba5 37.Rxb1 Bxd2 38.c5 Bd5 39.Rd1 Bc3 40.Nc2 Bf3 41.
Rxd4 1-0

[Event "35th WCh U20 Girls"]
[Site "Tarvisio ITA"]
[Date "2017.11.17"]
[Round "5"]
[White "Mammadzada, Gunay"]
[Black "Aakanksha, Hagawane"]
[Result "0-1"]
[WhiteElo "2393"]
[BlackElo "2312"]
[EventDate "2017.11.13"]
[PlyCount "122"]

1.e4 e5 2.Nf3 Nc6 3.Bb5 a6 4.Ba4 Nf6 5.O-O Nxe4 6.d4 b5 7.Bb3 d5 8.dxe5 
Be6 9.Qe2 Be7 10.Rd1 Na5 11.Nd4 O-O 12.f3 Nc5 13.Bd2 Ncb7 14.Bxa5 Nxa5 15.
c3 Nxb3 16.axb3 c5 17.Nxe6 fxe6 18.Nd2 Qb6 19.Qe3 Rad8 20.Kh1 Rf5 21.Nf1 
Bg5 22.Qf2 Rxe5 23.b4 d4 24.bxc5 Rxc5 25.cxd4 Rcd5 26.Ng3 Rxd4 27.Re1 R4d6
28.Qxb6 Rxb6 29.Ne4 Be7 30.Rec1 Bf6 31.Nxf6+ gxf6 32.h3 Rd7 33.Rc8+ Kf7 
34.Kh2 Kg6 35.Rac1 a5 36.g4 a4 37.Rg8+ Kf7 38.Rh8 Kg6 39.Rg8+ Rg7 40.Ra8 
f5 41.Kg3 fxg4 42.hxg4 h5 43.gxh5+ Kxh5+ 44.Kf4 Rf7+ 45.Ke4 Kg6 46.Rcc8 
Kf6 47.Rc5 Rd7 48.Ra5 Rdb7 49.Kd3 Ke7 50.Kc3 b4+ 51.Kc2 b3+ 52.Kc3 Rb4 53.
Rc4 Rxc4+ 54.Kxc4 Rc7+ 55.Kd3 Rc2 56.Rxa4 Rxb2 57.Rb4 Kd6 58.Ke3 Rb1 59.
Kf2 Kc5 60.Rb8 Kd4 61.Re8 b2 0-1

[Event "35th WCh U20 Girls"]
[Site "Tarvisio ITA"]
[Date "2017.11.17"]
[Round "5"]
[White "Shuvalova, Polina"]
[Black "Stiazhkina, Anna"]
[Result "1/2-1/2"]
[WhiteElo "2386"]
[BlackElo "2301"]
[EventDate "2017.11.13"]
[PlyCount "145"]

1.e4 e5 2.Nf3 Nc6 3.Bb5 a6 4.Ba4 Nf6 5.O-O Nxe4 6.d4 b5 7.Bb3 d5 8.dxe5 
Be6 9.c3 Be7 10.Nbd2 Nc5 11.Bc2 d4 12.Ne4 d3 13.Nxc5 dxc2 14.Qxd8+ Rxd8 
15.Nxe6 fxe6 16.Bf4 O-O 17.Bg3 g5 18.Rfc1 g4 19.Ne1 h5 20.h4 gxh3 21.Rxc2 
h4 22.Bh2 hxg2 23.Kxg2 Bg5 24.a4 b4 25.cxb4 Nxb4 26.Re2 Rf5 27.Ra3 c5 28.
Nf3 Be7 29.Rc3 Rdf8 30.Nd2 Nd5 31.Rc4 Kh7 32.b3 Rg8+ 33.Kh1 Rd8 34.Ne4 Nb6
35.Rc3 Rd1+ 36.Kg2 Nd5 37.Rc4 Rd3 38.Rc1 Rxb3 39.Nxc5 h3+ 40.Kf1 Bxc5 41.
Rxc5 Ne3+ 42.Ke1 Rb1+ 43.Kd2 Nf1+ 44.Kc2 Ra1 45.Kb2 Nxh2 46.Kxa1 Nf3 47.
Rc1 h2 48.Rh1 Rg5 49.Kb2 Rg1 50.Rxh2+ Nxh2 51.Kc3 Rc1+ 52.Kb4 Nf3 53.Re3 
Nd4 54.Ka5 Rc4 55.Ra3 Nc2 56.Rb3 Kg6 57.Rb6 Kf5 58.Rxa6 Kxe5 59.Kb5 Na3+ 
60.Kb6 Kd5 61.a5 Rc6+ 62.Kb7 Rxa6 63.Kxa6 Kc6 64.Ka7 e5 65.Kb8 Kb5 66.Kb7 
Nc4 67.a6 e4 68.a7 Nb6 69.a8=Q Nxa8 70.Kxa8 Kc4 71.Kb7 Kd3 72.Kc6 Ke2 73.
Kd5 1/2-1/2

[Event "35th WCh U20 Girls"]
[Site "Tarvisio ITA"]
[Date "2017.11.17"]
[Round "5"]
[White "Dordzhieva, Dinara"]
[Black "Badelka, Olga"]
[Result "1-0"]
[WhiteElo "2295"]
[BlackElo "2374"]
[EventDate "2017.11.13"]
[PlyCount "85"]

1.c4 Nf6 2.Nf3 e6 3.g3 a6 4.Bg2 b5 5.b3 Bb7 6.O-O c5 7.Na3 Qb6 8.Bb2 Be7 
9.d3 O-O 10.e4 Nc6 11.Qe2 Rad8 12.Nc2 d6 13.Rab1 Qa5 14.a3 bxc4 15.dxc4 
Rfe8 16.Rfe1 Ba8 17.b4 cxb4 18.axb4 Qc7 19.b5 Na5 20.b6 Qc8 21.Nd2 d5 22.
e5 Nd7 23.Bc3 Nb7 24.Rec1 Bc5 25.cxd5 exd5 26.Nb4 Bxb4 27.Bxb4 Qb8 28.f4 
a5 29.Ba3 Nf8 30.Qd3 Ne6 31.Nf3 Rc8 32.f5 Nec5 33.Qd4 Nd7 34.Rxc8 Rxc8 35.
f6 Nbc5 36.Qg4 g6 37.Qf4 Kf8 38.Qh6+ Ke8 39.Qg7 Nxe5 40.Qg8+ Kd7 41.Nxe5+ 
Qxe5 42.Bh3+ Kd6 43.Bxc5+ 1-0

[Event "35th WCh U20 Girls"]
[Site "Tarvisio ITA"]
[Date "2017.11.17"]
[Round "5"]
[White "Heinemann, Josefine"]
[Black "Zhu Jiner"]
[Result "0-1"]
[WhiteElo "2293"]
[BlackElo "2363"]
[EventDate "2017.11.13"]
[PlyCount "94"]

1.e4 c5 2.Nf3 d6 3.d4 cxd4 4.Nxd4 Nf6 5.Nc3 a6 6.Bg5 Nbd7 7.Qe2 e6 8.f4 
Qc7 9.O-O-O h6 10.Bh4 Be7 11.g4 g5 12.fxg5 hxg5 13.Bxg5 b5 14.Bg2 Ne5 15.
Rhf1 Nfxg4 16.Bxe7 Qxe7 17.Nf3 Bb7 18.h4 b4 19.Nb1 Rc8 20.Rd4 Qc7 21.Nxe5 
dxe5 22.Rxb4 Ne3 23.Rf2 Qa5 24.Qxe3 Qxb4 25.c3 Qe7 26.Nd2 Qxh4 27.Kc2 Rg8 
28.Bf3 Rc7 29.Qb6 Rd7 30.b4 Rg3 31.Kb3 Qd8 32.Qxd8+ Kxd8 33.Bh5 f5 34.exf5
exf5 35.Nf1 Rg5 36.Be2 f4 37.a4 Kc7 38.a5 Rf7 39.Bc4 Rf8 40.Ne3 e4 41.Nc2 
Bd5 42.Nd4 Bxc4+ 43.Kxc4 Kd6 44.Rh2 Rf6 45.b5 axb5+ 46.Nxb5+ Rxb5 47.Kxb5 
f3 0-1

[Event "35th WCh U20 Girls"]
[Site "Tarvisio ITA"]
[Date "2017.11.17"]
[Round "5"]
[White "Khomeriki, Nino"]
[Black "Terbe, Julianna"]
[Result "1-0"]
[WhiteElo "2347"]
[BlackElo "2263"]
[EventDate "2017.11.13"]
[PlyCount "101"]

1.d4 d5 2.c4 c6 3.cxd5 cxd5 4.Bf4 Nf6 5.Nc3 Nc6 6.e3 Bf5 7.Qb3 Na5 8.Qa4+ 
Bd7 9.Qc2 e6 10.Nf3 Rc8 11.Bd3 Bb4 12.O-O O-O 13.Ne5 h6 14.h3 a6 15.Rfc1 
b5 16.Qe2 Bxc3 17.bxc3 Nc4 18.Bxc4 bxc4 19.Qb2 Qa5 20.Nxd7 Nxd7 21.a3 Qa4 
22.Qb4 Qc6 23.Rab1 f6 24.Qd6 Rf7 25.Rb4 Qxd6 26.Bxd6 Rc6 27.Bg3 e5 28.Rcb1
Re7 29.Rb7 Kf7 30.a4 exd4 31.exd4 g5 32.Ra7 Nf8 33.Ra8 f5 34.Be5 Ng6 35.
Bb8 f4 36.a5 f3 37.Bg3 Ree6 38.gxf3 Ne7 39.Be5 Nf5 40.Rb7+ Kg6 41.Kf1 Ne7 
42.Rd8 Kh5 43.Rdd7 Ng6 44.Rxd5 Nxe5 45.dxe5 Kh4 46.Kg2 Kh5 47.Kg3 Kg6 48.
f4 h5 49.fxg5 Kxg5 50.f4+ Kf5 51.Kf3 1-0

[Event "35th WCh U20 Girls"]
[Site "Tarvisio ITA"]
[Date "2017.11.17"]
[Round "5"]
[White "Yu, Jennifer"]
[Black "Uuriintuya, Uurtsaikh"]
[Result "1-0"]
[WhiteElo "2321"]
[BlackElo "2213"]
[EventDate "2017.11.13"]
[PlyCount "57"]

1.d4 Nf6 2.c4 g6 3.g3 Bg7 4.Nc3 O-O 5.Bg2 d6 6.Nf3 Nbd7 7.O-O e5 8.e4 exd4
9.Nxd4 Re8 10.Re1 a6 11.b3 Rb8 12.Bb2 c5 13.Nc2 b5 14.cxb5 axb5 15.Qxd6 
Rb6 16.Qd2 Rbe6 17.Rad1 Qa5 18.f3 Nb6 19.Ne3 Rf8 20.a4 bxa4 21.Nxa4 Qxd2 
22.Rxd2 Nxa4 23.bxa4 Ra6 24.Ra1 Be6 25.Bf1 Rb6 26.e5 Ne8 27.f4 Nc7 28.Ba3 
Na6 29.a5 1-0

[Event "35th WCh U20 Girls"]
[Site "Tarvisio ITA"]
[Date "2017.11.17"]
[Round "5"]
[White "Ning Kaiyu"]
[Black "Tsolakidou, Stavroula"]
[Result "0-1"]
[WhiteElo "2173"]
[BlackElo "2340"]
[EventDate "2017.11.13"]
[PlyCount "86"]

1.d4 Nf6 2.c4 e6 3.Nf3 Bb4+ 4.Nbd2 b6 5.a3 Bxd2+ 6.Qxd2 Bb7 7.e3 O-O 8.Be2
d6 9.b4 Nbd7 10.Bb2 Qe7 11.O-O Ne4 12.Qc2 f5 13.d5 e5 14.Nd2 c6 15.Nxe4 
fxe4 16.dxc6 Bxc6 17.Rad1 Rf6 18.Bg4 Nf8 19.Rd2 Ng6 20.b5 Bb7 21.Bh3 Nh4 
22.Qd1 Nf3+ 23.gxf3 exf3 24.Kh1 Rh6 25.Rg1 Rxh3 26.Rg4 Qe6 27.Qg1 g6 28.
Rg5 Rh4 29.a4 Rxc4 30.Ba3 Rd8 31.Qd1 Rg4 32.Rxg4 Qxg4 33.Qg1 Qxa4 34.Rxd6 
Rxd6 35.Bxd6 Qxb5 36.Qd1 Kf7 37.Bb8 a5 38.Qa1 Kf6 39.Qd1 Qd5 40.Qa4 Bc6 
41.Qg4 Kf7 42.Qg1 a4 43.Qa1 Qd7 0-1

[Event "35th WCh U20 Girls"]
[Site "Tarvisio ITA"]
[Date "2017.11.17"]
[Round "5"]
[White "Pratyusha, Bodda"]
[Black "Tokhiryonova, Gulrukhbegim"]
[Result "0-1"]
[WhiteElo "2152"]
[BlackElo "2306"]
[EventDate "2017.11.13"]
[PlyCount "79"]

1.c4 e5 2.Nc3 Bb4 3.Qc2 Nf6 4.Nf3 Bxc3 5.bxc3 d6 6.e4 O-O 7.d3 h6 8.Be2 
Nc6 9.O-O Ne7 10.Nh4 Nh7 11.Rb1 b6 12.Be3 Qe8 13.d4 c5 14.Rfe1 Bd7 15.Bf1 
Nf6 16.f4 Ng4 17.Bd2 cxd4 18.cxd4 Nc6 19.d5 Nd4 20.Qd3 f5 21.h3 fxe4 22.
Qxe4 Qh5 23.hxg4 Qxh4 24.Bd3 Qxg4 25.Qh7+ Kf7 26.Rf1 e4 27.Qxe4 Nf5 28.Qf3
Qh4 29.Be1 Qf6 30.Bf2 Kg8 31.Rbe1 Rae8 32.Qh5 Ng3 33.Bxg3 Qd4+ 34.Kh2 Qxd3
35.f5 Qxc4 36.f6 Rxe1 37.f7+ Kh7 38.Rxe1 Bg4 39.Qh4 g5 40.Qxg4 0-1